000 00740nam a2200205Ia 4500
003 GCL
008 140319s9999 xx 000 0 ara d
040 _aGCL /
_cGCL
082 0 4 _aد
_b270
_bج ت
100 1 _aالجمعية المصرية لتكنولوجيا الت
245 1 0 _aتكنولوجيا التعليم المؤتمر العلمى الاول /
_cالجمعية المصرية لتكنولوجيا الت
260 _a[S.N] :
_bالجمعية الجغرافية المصرية ،
_c1991
300 _a112 ص
490 _aسلسلة الارشيف والمعلومات
_v0
650 0 4 _aالتعليم
650 0 4 _aالتربية
650 0 4 _aالتكنولوجيا
650 0 4 _aالاجتماع
942 _2ddc
_cCF
999 _c27458
_d27458